000 00389nam a2200145Ia 4500
005 20251222144834.0
008 251222s9999||||xx |||||||||||||| ||spa||
020 _a2907163701
082 _a980.004.98/B77
100 _aBouysse-Cassagne, Thérèse
245 0 _aSaberes y memorias en los Andes
250 _a1ra.ed.
264 _bInstituto Francés de Estudios Andinos
942 _cLIB
999 _c20976
_d20976